Normal view
MARC view
- Literatura europea
Entry Materia
001 - NÚMERO DE CONTROL DEL REGISTRO
- campo de control: 15115
003 - IDENTIFICADOR DE NUMERO DE CONTROL
- campo de control: UPN
005 - FECHA Y HORA DE LA ÚLTIMA TRANSACCIÓN
- campo de control: 20220831171952.0
008 - DATOS DE LONGITUD FIJA
- campo de control de longitud fija: 220831 n fnannbaba a ana |d
035 ## - NÚMERO DE CONTROL DEL SISTEMA
- Número de control del sistema: UPN10000015123
040 ## - FUENTE DE LA CATALOGACIÓN
- Lengua de catalogación: spa
- Centro catalogador de origen: MX-MxUPN
046 ## - FECHAS CON CODIFICACIÓN ESPECIAL
- Fecha final para contenidos agregados: 2022
150 ## - ENCABEZAMIENTO - TEMÁTICO
- Término de materia o nombre geográfico como elemento inicial: Literatura europea
- Subdivisión de materia general: Historia y critica
670 ## - FUENTE EN LA QUE SE LOCALIZARON DATOS
- Cita de la fuente: LC
- Información localizada: European literature - History and criticism
902 ## - CATALOGADOR
- Catalogador: BDV/111104
